Driving a bargain : Automobile industrialization and Japanese firms in Southeast Asia
This book draws on the knowledge, generosity, and encouragement of individuals in several countries.
সংরক্ষণ করুন:
| প্রধান লেখক: | |
|---|---|
| বিন্যাস: | গ্রন্থ |
| ভাষা: | Undetermined |
| প্রকাশিত: |
Berkeley
University of California Press
1991
|
| বিষয়গুলি: | |
| ট্যাগগুলো: |
ট্যাগ যুক্ত করুন
কোনো ট্যাগ নেই, প্রথমজন হিসাবে ট্যাগ করুন!
|
| Thư viện lưu trữ: | Trung tâm Học liệu Trường Đại học Cần Thơ |
|---|
| LEADER | 00775nam a2200217Ia 4500 | ||
|---|---|---|---|
| 001 | CTU_227634 | ||
| 008 | 210402s9999 xx 000 0 und d | ||
| 082 | |a 338.88952 | ||
| 082 | |b D681 | ||
| 100 | |a Doner, Richard F. | ||
| 245 | 0 | |a Driving a bargain : | |
| 245 | 0 | |b Automobile industrialization and Japanese firms in Southeast Asia | |
| 245 | 0 | |c Richard F. Doner | |
| 260 | |a Berkeley | ||
| 260 | |b University of California Press | ||
| 260 | |c 1991 | ||
| 520 | |a This book draws on the knowledge, generosity, and encouragement of individuals in several countries. | ||
| 650 | |a Công ty liên doanh, Nhật Bản,Corporations, Japanese | ||
| 650 | |z Đông Nam Á,Southeast Asia | ||
| 910 | |b dqhieu | ||
| 980 | |a Trung tâm Học liệu Trường Đại học Cần Thơ | ||